| 000 | 00884cam a22002535i 4500 | ||
|---|---|---|---|
| 001 | 17879908 | ||
| 005 | 20240216123400.0 | ||
| 008 | 130909s2013 nyu 000 0 eng | ||
| 020 | _a9783642412929 (pbk.) | ||
| 082 | _a346.0486 STO | ||
| 100 | _aStorz, Ulrich | ||
| 245 | 0 | 0 |
_aBiopatent law : _bEuropean vs. US patent law / _cby Ulrich Storz et al. |
| 264 | 1 |
_aNew York : _bSpringer, _c2014. |
|
| 300 |
_aviii, 69 p. ; _c24 cm. |
||
| 653 | _aBiopatent law. | ||
| 653 | _aPatent law. | ||
| 700 |
_aQuodbach, Martin _eauthor. |
||
| 700 |
_aMarty, Scott D. _eauthor. |
||
| 700 |
_aConstantine, Derek E. _eauthor. |
||
| 700 |
_aParker, Matthew _eauthor. |
||
| 856 | 4 | 2 |
_3Publisher description _uhttp://www.loc.gov/catdir/enhancements/fy1318/2013950015-d.html |
| 856 | 4 | 1 |
_3Table of contents _uhttp://www.loc.gov/catdir/enhancements/fy1318/2013950015-t.html |
| 942 |
_2ddc _cCIPRA |
||
| 999 |
_c212362 _d212362 |
||